00953nam a22002657a 45000010005000000030006000050050017000110080041000280200018000690400029000870500014001160820008001301000039001382450079001772500023002562600047002793000050003264900046003765050008004225200161004305210020005915210020006116500025006317000031006564505FISKH20241204152455.0240912b cb ||||| |||| 00| 0 eng d a9781592495856 aFISKHbengcFISKHdFISKH aPZ10.M698 a409 aMoody-Luther, Jacqueline eauthor  aPanda bear cub / cby Jacqueline Moody-Luther : illustated by Will Nelson  aFirst edition 2006 aNorwalk : bLittle Soundprints ; c2006 .  a32 pages : bcolor illustrations ; c24 cm .  aSoundprints' Read-and- Discover vLevel 1 aH  aIn illustrations and simple text, describes the first weeks in the life of a panda living in the bamboo forest with its mother. Includes facts about pandas.8 a450 bLexile 8 aH bRaz-Plus  abears vnon-fiction  aNelson, Willeillustrator